000 00629cam a2200217 4500500
005 20260329003206.0
041 _afre
042 _adc
100 1 0 _aPortevin, Catherine
_eauthor
245 0 0 _aTrois essais sur la traduction
260 _c2014.
500 _a24
690 _aChine
690 _aJean François Billeter
690 _aOccident
690 _aOrient
690 _aPoésie
690 _aTraduction
786 0 _nPhilosophie magazine | 85 | 12-1 | 2014-12-01 | p. 79-79 | 1951-1787
856 4 1 _uhttps://shs.cairn.info/magazine-philosophie-magazine-2014-12-1-page-79?lang=fr&redirect-ssocas=7080
999 _c1822242
_d1822242